|
|
|
|
| LEADER |
01333nam a22002657a 4500 |
| 001 |
38484 |
| 003 |
BD-DhAAL |
| 008 |
220519t2007 bg ||||| b||| 001 0 ben d |
| 999 |
|
|
|c 44200
|d 44200
|
| 020 |
|
|
|a 984074612X
|
| 040 |
|
|
|a BD-DhAAL
|c BD-DhAAL
|
| 082 |
|
|
|a 100
|2 23
|
| 245 |
|
|
|a নির্বাচিত দার্শনিক রচনা :
|b কার্ল পপার /
|c আমিনুল ইসলাম ভুইয়া অনুবাদিত
|
| 246 |
|
|
|a Nirbacita darsonik rachana :
|b Karl Popper
|
| 246 |
|
|
|a Selected philosophical writings of Karl Popper
|
| 260 |
|
|
|a ঢাকা :
|b বাংলা একাডেমী,
|c ২০০৭.
|
| 300 |
|
|
|a [চল্লিশ], ৩০৪ পৃষ্ঠা ;
|c ২২ সে.মি.
|
| 362 |
|
|
|a Vol. 1
|
| 504 |
|
|
|a গ্রন্থপঞ্জিগত নির্দেশিকা ও নির্ঘণ্ট অন্তর্ভুক্ত।
|
| 541 |
|
|
|a Donated By Akbar Ali Khan
|e 38484
|
| 650 |
|
|
|a Philosophy.
|9 47114
|
| 700 |
|
|
|a ভুইয়া, আমিনুল ইসলাম
|9 47115
|
| 852 |
|
|
|a Ayesha Abed Library
|c Akbar Ali Khan Collection
|
| 942 |
|
|
|2 ddc
|c BK
|
| 952 |
|
|
|0 0
|1 0
|2 ddc
|4 0
|6 100_000000000000000_NIR
|7 1
|9 70660
|a BRACUL
|b BRACUL
|c AAKC
|d 2022-05-19
|e Donated by Akbar Ali Khan
|l 0
|o 100 NIR
|p 3010038484
|r 2022-05-19
|t 1
|w 2022-05-19
|y BK
|